Bulwer : a panorama /

Bibliographic Details
Main Author: Sadleir, Michael, 1888-1957
Format: Book
Language:English
Published: London : Constable, 1931.
Subjects:

MARC

Tag First Indicator Second Indicator Subfields
LEADER 00000cam a2200000Ia 4500
001 in00000022132
005 20151007063856.0
008 760323s1931 enkcf b 001 0 eng d
035 |a (OCoLC)ocm02064106 
035 |a (OCoLC)02064106 
035 |9 AAD8476AM 
040 |a ABC  |c ABC  |d OCL  |d HRH  |d UtOrBLW 
049 |a TXAM 
090 |a PR4931  |b .S3 1931b 
100 1 |a Sadleir, Michael,  |d 1888-1957. 
245 1 0 |a Bulwer :  |b a panorama /  |c by Michael Sadleir. 
264 1 |a London :  |b Constable,  |c 1931. 
300 |a xviii, 451 pages, 2 unnumbered leaves of plates :  |b portraits ;  |c 23 cm. 
336 |a text  |b txt  |2 rdacontent 
337 |a unmediated  |b n  |2 rdamedia 
338 |a volume  |b nc  |2 rdacarrier 
500 |a "Edward and Rosina, 1803-1836." No more published. 
500 |a No more published. cf. Publisher's letter. 
504 |a Includes bibliographical references and index. 
600 1 0 |a Lytton, Edward Bulwer Lytton,  |c Baron,  |d 1803-1873. 
600 1 0 |a Lytton, Rosina Bulwer Lytton,  |c Baroness,  |d 1802-1882. 
994 |a E0  |b TXA 
999 |a MARS 
999 f f |s cc7e7732-4f77-3104-9b85-2c8227222fae  |i 54b95ab4-58c3-3b3b-9794-93ec161e79a1  |t 0 
952 f f |p ric  |a Texas A&M University  |b Rellis Campus  |c Joint Library Facility  |d Remote Storage  |t 0  |e PR4931 .S3 1931b  |h Library of Congress classification  |i unmediated -- volume  |m A14801324064 
998 f f |a PR4931 .S3 1931b  |t 0  |l Remote Storage